| 000 | 00608nam a22001457a 4500 | ||
|---|---|---|---|
| 003 | macl | ||
| 005 | 20180408130754.0 | ||
| 008 | 180408b xxu||||| |||| 00| 0 eng d | ||
| 040 | _cmacl | ||
| 100 |
_aसत्यमित्र दुबे _971846 |
||
| 245 | _aभारत में राष्ट्र निर्माण की चुनौतियां और सामाजिक आर्थिक विकास की समस्याऍं | ||
| 260 |
_aदिल्ली _bयश प्रकाशन _c2016 |
||
| 650 |
_aराजनीति _971847 |
||
| 942 |
_2ddc _cHIN |
||
| 999 |
_c57584 _d57584 |
||